00000000cas 2200000zi 4500
0019.946691
003CaOODSP
00520251219125911
006m     o  d f      
007cr cn ||||||||
008250109c20249999qucar p o    f0### 0fre d
040 |aCaOODSP|bfre|erda|cCaOODSP
043 |an-cn---
0861 |aNM21-8F-PDF
1102 |aMusée canadien de l'histoire.|eauteur, |eorganisme de publication.
24010|aInfo source (2024)
24510|aInfo source : |bsources de renseignements du gouvernement fédéral et du personnel.
24630|aSources de renseignements du gouvernement fédéral et du personnel
264 1|aGatineau (Québec) : |bMusée canadien de l'histoire = Canadian Museum of History ; |aOttawa (Ontario) : |bMusée canadien de la guerre = Canadian War Museum‏, |c[2024]-
310 |aAnnuel
336 |atexte|btxt|2rdacontent/fre
337 |ainformatique|bc|2rdamedia/fre
338 |aressource en ligne|bcr|2rdacarrier/fre
3621 |aParaît depuis : 2024.
500 |aPublié aussi en anglais sous le titre : Info source : sources of federal government and employee information.
588 |aDescription d'après : 2024; titre de la page couverture du fichier PDF.
588 |aDernière livraison consultée : 2025.
61026|aMusée canadien de l'histoire|vPériodiques.
61026|aMusée canadien de la guerre|vPériodiques.
650 6|aInformation sur l'État|zCanada|vPériodiques.
650 6|aArchives publiques|xAccès|xContrôle|zCanada|vPériodiques.
655 7|aPériodiques|2rvmgf
7102 |aMusée canadien de la guerre, |eauteur, |eorganisme de publication.
77508|tInfo source : |w(CaOODSP)9.946692
78000|tRenseignements sur les programmes et les fonds de renseignements : |w(CaOODSP)9.931284